000 01621nam2a22002291 4500
001 rc\948643
005 20250622103657.0
035 _a(NLR Aleph) 006243828
090 _a6690402
_c6690402
100 _a20041129d1982 |||y0rusy50 ca
101 0 _arus
102 _aRU
105 _aa |||||||||
200 0 _aЧ. 1
210 _d1982
_aБ. м.
215 _a151 с.
_cил.
461 0 _1001rc\948642
_12001#$aМетодические указания по составлению годового плана научно-исследовательских, опытно-конструкторских и проектных работ, производственной и финансовой деятельности научно-производственного объединения (НИОКРпромфинплан) пищевой промышленности$fМ-во пищ. пром-сти СССР$g[Разраб. Тульская Н.С. и др.]$vЧ. 1
_96690398
_cМ.
_d1982-
_fМ-во пищ. пром-сти СССР
_nБ. и.
_tМетодические указания по составлению годового плана научно-исследовательских, опытно-конструкторских и проектных работ, производственной и финансовой деятельности научно-производственного объединения (НИОКРпромфинплан) пищевой промышленности
_vЧ. 1
801 0 _aRU
_bNLR
_gpsbo
801 1 _aRU
_bELAR
_2rusmarc
852 _aNLR
_j83-3/1369
942 _cBOOK
980 _aNB